000 00598nam a2200205 a 4500
001 12771
003 CO-ViMGA
008 141112s2004 ck r 000 u spa d
040 _aCO-ViMGA
_bspa
_cCO-ViMGA
082 0 4 _a344.861 C717
100 1 _aVasquez, V. Orlando
_918497
245 1 0 _aNuevo codigo de Regimen Municipal, Departamental, Intendencial y comisarial
250 _a1
260 _aMedellĂ­n :
_bJuridica,
_c1986
300 _a472p.
650 1 4 _aCOLOMBIA - ADMINISTRACION PUBLICA
_918498
650 1 4 _aDERECHO MUNICIPAL
650 1 4 _aLEGISLACION - COLOMBIA
_93088
942 _2ddc
_cBK
999 _c23715
_d23715